<?xml version="1.0" encoding="UTF-8"?>
<collection xmlns="http://www.loc.gov/MARC21/slim">
 <record>
  <leader>01514nam a2200217Ia 4500</leader>
  <controlfield tag="001">TDMU_18521</controlfield>
  <controlfield tag="008">210410s9999    xx            000 0 und d</controlfield>
  <datafield tag="082" ind1=" " ind2=" ">
   <subfield code="a">158.1</subfield>
  </datafield>
  <datafield tag="090" ind1=" " ind2=" ">
   <subfield code="b">TR561</subfield>
  </datafield>
  <datafield tag="100" ind1=" " ind2=" ">
   <subfield code="a">Trương Huệ</subfield>
  </datafield>
  <datafield tag="245" ind1=" " ind2="0">
   <subfield code="a">Những kiến thức cần thiết cho thanh niên</subfield>
  </datafield>
  <datafield tag="245" ind1=" " ind2="0">
   <subfield code="c">Trương Huệ (b.s)</subfield>
  </datafield>
  <datafield tag="245" ind1=" " ind2="0">
   <subfield code="n">T.7</subfield>
  </datafield>
  <datafield tag="260" ind1=" " ind2=" ">
   <subfield code="a">H.</subfield>
  </datafield>
  <datafield tag="260" ind1=" " ind2=" ">
   <subfield code="b">Thanh Niên</subfield>
  </datafield>
  <datafield tag="260" ind1=" " ind2=" ">
   <subfield code="c">2012</subfield>
  </datafield>
  <datafield tag="300" ind1=" " ind2=" ">
   <subfield code="a">323tr</subfield>
  </datafield>
  <datafield tag="520" ind1=" " ind2=" ">
   <subfield code="a">Bộ sách 'Những kiến thức cần thiết cho thanh niên' gồm nhiều tập. Đây là bộ sách có tính chất cẩm nang, hướng dẫn nhằm cung cấp cho tuổi trẻ những kiến thức và hoạt động trên nhiều lĩnh vực công tác có tính chất cơ bản và hệ thống. Tập 7 gồm các nội dung sau: Thói quen tu dưỡng các phẩm chất đạo đức; Thói quen làm việc khoa học, sáng tạo; Thói quen giao tiếp lịch sự; Thói quen học tập siêng năng; Thói quen tiết kiệm, quản lý đồng tiền; Thói quen chấp hành luật lệ...</subfield>
  </datafield>
  <datafield tag="650" ind1=" " ind2=" ">
   <subfield code="a">Tâm lí học ứng dụng</subfield>
   <subfield code="x">Thói quen</subfield>
   <subfield code="x">Thanh niên ; Bí quyết thành công</subfield>
   <subfield code="x">Thanh niên; Hoàn thiện nhân cách</subfield>
   <subfield code="x">Rèn luyện</subfield>
   <subfield code="x">Thanh niên</subfield>
  </datafield>
  <datafield tag="856" ind1=" " ind2=" ">
   <subfield code="u">http://lrc.tdmu.edu.vn/opac/search/detail.asp?aID=2&amp;ID=18521</subfield>
  </datafield>
  <datafield tag="980" ind1=" " ind2=" ">
   <subfield code="a">Trung tâm Học liệu Trường Đại học Thủ Dầu Một</subfield>
  </datafield>
 </record>
</collection>
